| 000 | 00893cpcaa2200265 4500 | ||
|---|---|---|---|
| 001 | mm 82082594 | ||
| 003 | DLC | ||
| 005 | 20260227111717.0 | ||
| 008 | 820519|||||||||||| eng | ||
| 010 | _amm 82082594 | ||
| 040 |
_aDLC _cDLC _edacs _dDLC |
||
| 072 | 7 |
_aN _2lcmd |
|
| 111 | 2 | _aDemocratic National Convention. | |
| 245 | 0 | 0 |
_aDemocratic National Convention records, _f1840-1860. |
| 300 |
_a1 _fitem. |
||
| 300 |
_a1 _fcontainer. |
||
| 300 |
_a0.2 _flinear feet. |
||
| 506 | 0 | _aOpen to research. | |
| 520 | 8 | _aTypescript of proceedings for 1840, 1844, and 1860. | |
| 533 |
_aTypescript. _b[S.l.]. |
||
| 546 | _aCollection material in English. | ||
| 610 | 2 | 0 | _aDemocratic Party (U.S.) |
| 651 | 0 |
_aUnited States _xPolitics and government _y1815-1861. |
|
| 999 |
_c43750 _d43750 |
||